000 00707 a2200193 4500
020 _a0120931508
020 _a9780120931507
082 0 4 _a515.35
090 _c1537
_d1537
100 1 _aLakshmikantham.
245 1 3 _aAn introduction to nonlinear boundary value problems.
_nVolume 109 /
_cLakshmikantham, Stephen R. Bernfeld.
260 _a[S.l.] :
_bAcademic Press,
_c1974.
300 _a386 p.
490 1 _aMathematics in science and engineering.
700 1 _aBernfeld, Stephen R.
830 0 _aMathematics in science and engineering.
942 _aSNS
_cBK
_k515.35 BER
999 _c30148
_d30148